000 00813cam a2200265 i 4500
001 2735379
003 BD-DhUL
005 20150108121845.0
008 780503s1965 bg af 000 0 eng
010 _a 77913117
040 _aDLC
_cDLC
_dDLC
_dBD-DhUL
043 _aa-bg---
050 0 0 _aSB608.R5
_bA4 1965
082 0 0 _a632
_bZAI
100 1 _aAlam, M. Zahurul.
245 1 0 _aInsect pests of rice in East Pakistan and their control /
_cM. Zahurul Alam.
250 _aRev. ed.
260 _aDacca :
_bAgriculture Information Service,
_cpref. 1965
300 _aii, 98 p., [1] leaf of plates :
_bill. ;
_c26 cm.
500 _aTk1.50
650 0 _aRice
_xDiseases and pests
_zBangladesh.
650 0 _aInsect pests
_zBangladesh.
906 _a7
_bcbc
_corignew
_d4
_encip
_f19
_gy-gencatlg
942 _2ddc
_cBK
999 _c28966
_d28966